Tallest Mountains On Earth - Statistics

General Stats
  • This quiz has been taken 84 times
  • The average score is 10 of 112
Answer Stats
Answer Country Range Summit (m) % Correct
1 Mount Everest China / Nepal Himalaya 8848
100%
2 K2 China / Pakistan Karakoram 8611
91%
10 Annapurna I Nepal Himalaya 8091
56%
4 Lhotse China / Nepal Himalaya 8516
51%
3 Kanchenjunga India / Nepal Himalaya 8586
36%
16 Annapurna II Nepal Himalaya 7937
33%
5 Makalu China / Nepal Himalaya 8485
33%
6 Cho Oyu China / Nepal Himalaya 8188
29%
12 Broad Peak China / Pakistan Karakoram 8051
27%
11 Gasherbrum I China / Pakistan Karakoram 8080
27%
13 Gasherbrum II China / Pakistan Karakoram 8035
27%
8 Manaslu Nepal Himalaya 8163
27%
9 Nanga Parbat Pakistan Himalaya 8126
27%
42 Annapurna III Nepal Himalaya 7555
25%
91 Mana Peak India Himalaya 7272
24%
17 Gasherbrum IV Pakistan Karakoram 7932
22%
7 Dhaulagiri I Nepal Himalaya 8167
20%
22 Masherbrum Pakistan Karakoram 7821
18%
46S Annapurna IV Nepal Himalaya 7525
16%
14 Shishapangma China Himalaya 8027
16%
88 K6 Pakistan Karakoram 7282
15%
31 Saltoro Kangri India / Pakistan Karakoram 7742
15%
61 K12 India / Pakistan Karakoram 7424
13%
20S Nuptse Nepal Himalaya 7864
13%
35 Saser Kangri I India Karakoram 7672
13%
15S Gasherburm III China / Pakistan Karakoram 7946
11%
30 Dhaulagiri II Nepal Himalaya 7751
9%
36S Dhaulagiri IV Nepal Himalaya 7661
9%
37S Dhaulagiri V Nepal Himalaya 7618
9%
91S Dhaulagiri VI Nepal Himalaya 7268
7%
33 Tirich Mir Pakistan Hindu Kush 7708
7%
86 Baintha Brakk Pakistan Karakoram 7285
5%
40 Gangkhar Puensum Bhutan / China Himalaya 7570
5%
18 Himalchuli Nepal Himalaya 7893
5%
27 Namcha Barwa China Himalaya 7782
5%
26 Rakaposhi Pakistan Karakoram 7788
5%
100 Annapurna Dakshin Nepal Himalaya 7219
4%
15 Gyachung Kang China / Nepal Himalaya 7952
4%
29 Kamet India Himalaya 7756
4%
37 Kongur Tagh China Pamir 7649
4%
23 Nanda Devi India Himalaya 7816
4%
48 Saser Kangri II E India Karakoram 7513
4%
51 Saser Kangri III India Karakoram 7495
4%
76S I Abi Gamin China / India Himalaya 7355
2%
25 Batura Sar Pakistan Karakoram 7795
2%
44 Changtse China Himalaya 7543
2%
36 Chogolisa Pakistan Karakoram 7665
2%
24 Chomo Lonzo China Himalaya 7804
2%
72 Churen Himal Nepal Himalaya 7385
2%
19 Distaghil Sar Pakistan Karakoram 7884
2%
59 Gangapurna Nepal Himalaya 7455
2%
69 Ghent Kangri India / Pakistan Karakoram 7401
2%
41 Gongga Shan China Daxue 7556
2%
34 Gurla Mandhata China Himalaya 7694
2%
67 Haramosh Peak Pakistan Karakoram 7409
2%
50 Ismoil Somoni Peak Tajikistan Pamir 7495
2%
68 Istor-o-Nal Pakistan Hindu Kush 7403
2%
60 Jengish Chokusu China / Kyrgyzstan Tian Shan 7439
2%
57 Jongsong Peak China / India / Nepal Himalaya 7462
2%
65 Kabru N India / Nepal Himalaya 7412
2%
28 Kanjut Sar Pakistan Karakoram 7760
2%
21 Khunyang Chhish Pakistan Karakoram 7823
2%
76 Kirat Chuli India / Nepal Himalaya 7362
2%
46 Kongur Tiabe China Pamir 7530
2%
45 Kula Kangri Bhutan / China Himalaya 7538
2%
32 Kumbhakarna Nepal Himalaya 7711
2%
75 Labuche Kang China Himalaya 7367
2%
58 Malubiting Pakistan Karakoram 7458
2%
47 Mamostong Kangri India Karakoram 7516
2%
33S Molamenqing China Himalaya 7703
2%
64 Momhil Sar Pakistan Karakoram 7414
2%
96 Mukut Parbat China / India Himalaya 7242
2%
49 Muztagh Ata China Muztagata 7509
2%
76S II Nangpai Gosum China / Nepal Himalaya 7350
2%
20 Ngadi Chuli Nepal Himalaya 7871
2%
52 Noshaq Afghanistan / Pakistan Hindu Kush 7492
2%
53 Pumari Chhish Pakistan Karakoram 7492
2%
71 Rimo I India Karakoram 7385
2%
77 Saraghrar Pakistan Hindu Kush 7349
2%
74 Sherpi Kangri Pakistan Karakoram 7380
2%
38 Shispare Pakistan Karakoram 7611
2%
63 Sia Kangri China / Pakistan Karakoram 7422
2%
66 Skil Brum Pakistan Karakoram 7410
2%
43 Skyang Kangri China / Pakistan Karakoram 7545
2%
60S Sunanda Devi India Himalaya 7434
2%
77S Talung India / Nepal Himalaya 7349
2%
56 Teram Kangri I China / India Karakoram 7462
2%
39 Trivor Pakistan Karakoram 7577
2%
70 Ultar Pakistan Karakoram 7388
2%
62 Yangra China / Nepal Himalaya 7422
2%
55 Yukshin Gardan Sar Pakistan Karakoram 7469
2%
95 Asparasas Kangri China / India Karakoram 7245
0%
81 Baltoro Kangri Pakistan Karakoram 7312
0%
79 Chamlang Nepal Himalaya 7321
0%
80 Chongtar China Karakoram 7315
0%
92 Diran Pakistan Karakoram 7266
0%
76S II Gimmigela Chuli China / India Himalaya 7350
0%
84 Gyala Peri China Himalaya 7294
0%
78 Jomolhari Bhutan / China Himalaya 7326
0%
89 Kangpenqing China Himalaya 7281
0%
99 Karjiang China Himalaya 7221
0%
93 Labuche Kang III China Himalaya 7250
0%
98 Langtang Lirung Nepal Himalaya 7227
0%
90 Muztagh Tower China / Pakistan Karakoram 7276
0%
54 Passu Sar Pakistan Karakoram 7476
0%
85 Porong Ri China Himalaya 7292
0%
94 Putha Hiunchuli Nepal Himalaya 7246
0%
97 Rimo III India Karakoram 7233
0%
82 Siguang Ri China Himalaya 7309
0%
73 Teram Kangri III China / India Karakoram 7382
0%
83 The Crown China Karakoram 7295
0%
87 Yutmaru Sar Pakistan Karakoram 7283
0%
No matching quizzes found
Score Distribution
Percent of People with Each Score
Percentile by Number Answered
Your Score History
You have not taken this quiz